000 00412nam a2200181Ia 4500
005 20250603145046.0
008 250603s9999 xx 000 0 und d
020 _a0406956510
050 _aKF 85 .H2/
245 0 _aHalsbury's laws of England annual abridgment
250 _a4th.ed.
260 _aLondon
260 _bLexisnexis
260 _c2002
300 _a902 p
650 _aLondon
942 _cBK
999 _c40746
_d40746